[Event "Vilnius Mikenas Memorial op"]
[Site "Vilnius"]
[Date "2010.11.27"]
[Round "4"]
[White "Matlakov, Maxim"]
[Black "Bandza, Algirdas S"]
[Result "1-0"]
[WhiteElo "2619"]
[BlackElo "2376"]
[PlyCount "73"]
[EventDate "2010.11.27"]
[EventType "swiss (rapid)"]
[EventRounds "9"]
[EventCountry "LTU"]
[SourceTitle "CBM 139 Extra"]
[Source "ChessBase"]
[SourceDate "2011.01.05"]
[SourceVersion "1"]
[SourceVersionDate "2011.01.05"]
[SourceQuality "1"]

1. d4 Nf6 2. c4 e6 3. g3 d5 4. Bg2 Be7 5. Nf3 0-0 6. 0-0 Na6 7. Nc3 b6 8. cxd5 exd5 9. Bf4 Bb7 10. Rc1 c6 11. Ne5 Nc7 12. Nxc6 Bxc6 13. Bxc7 Qd7 14. Be5 Ne4 15. Nxe4 dxe4 16. Qc2 Rac8 17. Bxe4 Bxe4 18. Qxe4 f6 19. Bf4 f5 20. Qd3 Bf6 21. Qb3+ Kh8 22. e3 Qe7 23. h4 h6 24. Qd5 Rcd8 25. Qf3 Rc8 26. Rc6 Rxc6 27. Qxc6 Qf7 28. b3 Qh5 29. Rc1 Qe2 30. Qc2 Qg4 31. Qd1 Qg6 32. h5 Qf7 33. Qf3 Qe7 34. Rc6 Rd8 35. Kg2 Qa3 36. Bxh6 Qxa2 37. Qxf5 1-0

[Event "EU-Cup 25th"]
[Site "Ohrid"]
[Date "2009.10.10"]
[Round "7.4"]
[White "Bandza, Algirdas S"]
[Black "Grafl, Florian"]
[Result "1-0"]
[WhiteElo "2380"]
[BlackElo "2426"]
[PlyCount "25"]
[EventDate "2009.10.04"]
[EventType "team-swiss"]
[EventRounds "7"]
[EventCountry "MKD"]
[SourceTitle "CBM 133"]
[Source "ChessBase"]
[SourceDate "2009.11.19"]
[SourceVersion "1"]
[SourceVersionDate "2009.11.19"]
[SourceQuality "1"]
[WhiteTeam "Vilnius"]
[BlackTeam "Utrecht"]
[WhiteTeamCountry "LTU"]
[BlackTeamCountry "NED"]

1. Nf3 f5 2. d4 Nf6 3. g3 e6 4. Bg2 Be7 5. 0-0 0-0 6. c4 d6 7. b3 Ne4 8. Bb2 Nd7 9. Nc3 Ndf6 10. Qc2 Nxc3 11. Bxc3 Ne4 12. Bb2 Re8 13. Ne1 1-0

[Event "EU-Cup 25th"]
[Site "Ohrid"]
[Date "2009.10.09"]
[Round "6.4"]
[White "Pajkovic, Vladimir"]
[Black "Bandza, Algirdas S"]
[Result "1-0"]
[WhiteElo "2414"]
[BlackElo "2380"]
[PlyCount "79"]
[EventDate "2009.10.04"]
[EventType "team-swiss"]
[EventRounds "7"]
[EventCountry "MKD"]
[SourceTitle "CBM 133"]
[Source "ChessBase"]
[SourceDate "2009.11.19"]
[SourceVersion "1"]
[SourceVersionDate "2009.11.19"]
[SourceQuality "1"]
[WhiteTeam "Podgorica Buducnost"]
[BlackTeam "Vilnius"]
[WhiteTeamCountry "YUG"]
[BlackTeamCountry "LTU"]

1. c4 e6 2. g3 d5 3. Bg2 Nf6 4. Nf3 dxc4 5. Qc2 c5 6. Na3 Nc6 7. Nxc4 Be7 8. 0-0 0-0 9. b3 Qc7 10. Bb2 h6 11. Rac1 Rd8 12. Nfe5 Nd4 13. Qd1 Bd7 14. Nxd7 Rxd7 15. e3 Nf5 16. d4 Qd8 17. Ne5 Rc7 18. dxc5 Bxc5 19. Bxb7 Rxb7 20. Rxc5 Ne4 21. Rc2 Qxd1 22. Rxd1 a5 23. Rc4 Ned6 24. Ra4 Ra6 25. e4 Ne7 26. Rad4 Nb5 27. Rd7 Raa7 28. Rxb7 Rxb7 29. Rd8+ Kh7 30. Nxf7 Nc6 31. Rh8+ Kg6 32. Ne5+ Nxe5 33. Bxe5 Na7 34. Rb8 Rxb8 35. Bxb8 Nc6 36. Bc7 Kf6 37. h4 h5 38. Kf1 Ke7 39. Ke2 Kd7 40. Bb6 1-0

[Event "EU-Cup 25th"]
[Site "Ohrid"]
[Date "2009.10.05"]
[Round "2.4"]
[White "Kononenko, Dmitry"]
[Black "Bandza, Algirdas S"]
[Result "1/2-1/2"]
[WhiteElo "2563"]
[BlackElo "2380"]
[PlyCount "79"]
[EventDate "2009.10.04"]
[EventType "team-swiss"]
[EventRounds "7"]
[EventCountry "MKD"]
[SourceTitle "CBM 133"]
[Source "ChessBase"]
[SourceDate "2009.11.19"]
[SourceVersion "1"]
[SourceVersionDate "2009.11.19"]
[SourceQuality "1"]
[WhiteTeam "DAN DZO & PGMB"]
[BlackTeam "Vilnius"]
[WhiteTeamCountry "UKR"]
[BlackTeamCountry "LTU"]

1. e4 e5 2. Nf3 Nc6 3. Bb5 a6 4. Ba4 Nf6 5. 0-0 Be7 6. Re1 b5 7. Bb3 d6 8. c3 0-0 9. h3 Nb8 10. d4 Nbd7 11. Nbd2 Bb7 12. Bc2 Re8 13. Nf1 Bf8 14. Ng3 g6 15. a4 c5 16. d5 c4 17. Bg5 h6 18. Be3 Nc5 19. Qd2 h5 20. Bg5 Be7 21. Ra3 Nh7 22. Be3 Bf6 23. Rea1 Rb8 24. Ne2 Bg7 25. axb5 axb5 26. Bxc5 dxc5 27. b3 cxb3 28. Rxb3 Bc8 29. Rab1 Bd7 30. Bd3 Nf6 31. Ng3 h4 32. Nxh4 Nxd5 33. Bxb5 Rxb5 34. Rxb5 Bxb5 35. Rxb5 Nf4 36. Qxd8 Rxd8 37. Rxc5 Rd2 38. Kh2 Rxf2 39. Rc8+ Kh7 40. Nh1 1/2-1/2

[Event "EU-Cup 25th"]
[Site "Ohrid"]
[Date "2009.10.04"]
[Round "1.3"]
[White "Bandza, Algirdas S"]
[Black "Joyce, John"]
[Result "1/2-1/2"]
[WhiteElo "2380"]
[BlackElo "2243"]
[PlyCount "83"]
[EventDate "2009.10.04"]
[EventType "team-swiss"]
[EventRounds "7"]
[EventCountry "MKD"]
[SourceTitle "CBM 133"]
[Source "ChessBase"]
[SourceDate "2009.11.19"]
[SourceVersion "1"]
[SourceVersionDate "2009.11.19"]
[SourceQuality "1"]
[WhiteTeam "Vilnius"]
[BlackTeam "Ennis"]
[WhiteTeamCountry "LTU"]
[BlackTeamCountry "IRL"]

1. Nf3 f5 2. d4 Nf6 3. g3 e6 4. Bg2 d5 5. c4 c6 6. 0-0 Bd6 7. b3 Qe7 8. Bb2 0-0 9. Nbd2 b6 10. Qc2 Bb7 11. Rac1 Nbd7 12. Rfd1 Ne4 13. e3 Rac8 14. Ne5 Nxe5 15. dxe5 Bb4 16. Nf3 dxc4 17. bxc4 c5 18. Ne1 Bxe1 19. Rxe1 Ng5 20. Qe2 Bxg2 21. Kxg2 Rfd8 22. Red1 Qb7+ 23. f3 a6 24. Rxd8+ Rxd8 25. Rd1 Rxd1 26. Qxd1 Nf7 27. a4 Qc6 28. h4 b5 29. cxb5 axb5 30. Qb3 b4 31. Qc4 g5 32. e4 fxe4 33. fxe4 Qxa4 34. Qxc5 b3 35. Kf3 Qd7 36. Ke2 Qb7 37. Kd3 gxh4 38. gxh4 Qd7+ 39. Ke2 Qd8 40. Qg1+ Kh8 41. Qg3 Qb6 42. Qf4 1/2-1/2

[Event "Plunge op 29th"]
[Site "Plunge"]
[Date "2009.07.18"]
[Round "6"]
[White "Bandza, Algirdas S"]
[Black "Narmontas, Raimondas"]
[Result "1-0"]
[WhiteElo "2387"]
[BlackElo "2158"]
[PlyCount "61"]
[EventDate "2009.07.15"]
[EventType "swiss"]
[EventRounds "7"]
[EventCountry "LTU"]
[SourceTitle "EXT 2012"]
[Source "ChessBase"]
[SourceDate "2011.11.24"]
[SourceVersion "1"]
[SourceVersionDate "2011.11.24"]
[SourceQuality "1"]

1. Nf3 d5 2. d4 c6 3. c4 e6 4. Qc2 f5 5. Bf4 Nf6 6. e3 Be7 7. Nc3 0-0 8. Bd3 Ne4 9. h3 Qa5 10. 0-0 Nd7 11. Ne5 Bf6 12. Nxd7 Bxd7 13. Rab1 Be8 14. b4 Qd8 15. c5 g5 16. Bh2 Bg7 17. Ne2 Bh5 18. f3 Nf6 19. g4 fxg4 20. fxg4 Be8 21. Bd6 Rf7 22. Be5 Kh8 23. Ng3 Qe7 24. Bd6 Qd8 25. Rf3 a5 26. a3 b5 27. Rbf1 axb4 28. axb4 Raa7 29. Be5 Rf8 30. Bxh7 Rff7 31. Bg6 1-0

[Event "Plunge op 29th"]
[Site "Plunge"]
[Date "2009.07.17"]
[Round "4"]
[White "Bandza, Algirdas S"]
[Black "Vasylius, Kestutis"]
[Result "1-0"]
[WhiteElo "2387"]
[BlackElo "2095"]
[PlyCount "83"]
[EventDate "2009.07.15"]
[EventType "swiss"]
[EventRounds "7"]
[EventCountry "LTU"]
[SourceTitle "EXT 2012"]
[Source "ChessBase"]
[SourceDate "2011.11.24"]
[SourceVersion "1"]
[SourceVersionDate "2011.11.24"]
[SourceQuality "1"]

1. d4 e6 2. c4 Nf6 3. Nf3 Bb4+ 4. Nbd2 b6 5. a3 Bxd2+ 6. Qxd2 Ne4 7. Qc2 Bb7 8. g3 0-0 9. Bg2 d5 10. 0-0 Nd7 11. b4 Nd6 12. Nd2 dxc4 13. Bxb7 Nxb7 14. Nxc4 Nd6 15. Rd1 Nxc4 16. Qxc4 Rc8 17. Qc6 Nb8 18. Qa4 a6 19. Bf4 b5 20. Qc2 g5 21. Be3 c6 22. Qe4 Rc7 23. Qg4 h6 24. Bf4 Re7 25. Bxb8 Qxb8 26. Rac1 Qd6 27. Qf3 Rc7 28. Qf6 Kh7 29. Rc5 a5 30. h4 Rg8 31. hxg5 Rg6 32. Qf3 axb4 33. axb4 hxg5 34. Qh5+ Rh6 35. Qxg5 f6 36. Qe3 Rg7 37. Qf3 f5 38. e3 Qe7 39. Rxc6 Qxb4 40. d5 Rh4 41. d6 f4 42. exf4 1-0

[Event "Augustow op"]
[Site "Augustow"]
[Date "2009.06.21"]
[Round "3.1"]
[White "Bernotas, Arturs"]
[Black "Bandza, Algirdas S"]
[Result "0-1"]
[WhiteElo "1934"]
[BlackElo "2387"]
[PlyCount "52"]
[EventDate "2009.06.20"]
[EventType "swiss"]
[EventRounds "9"]
[EventCountry "POL"]
[SourceTitle "CBM 131 Extra"]
[Source "ChessBase"]
[SourceDate "2009.09.03"]
[SourceVersion "2"]
[SourceVersionDate "2009.09.16"]
[SourceQuality "1"]

1. e4 d6 2. d4 Nf6 3. Nc3 e5 4. Nf3 Nbd7 5. Bc4 Be7 6. Bxf7+ Kxf7 7. Ng5+ Kg8 8. Ne6 Qe8 9. Nxc7 Qg6 10. 0-0 Rb8 11. f4 exd4 12. Qxd4 d5 13. N7xd5 Bc5 14. Qxc5 Nxc5 15. Ne7+ Kf7 16. Nxg6 hxg6 17. e5 Nfe4 18. Nxe4 Nxe4 19. Be3 b6 20. a4 a5 21. b4 Bf5 22. bxa5 bxa5 23. Rfb1 Nc3 24. Rxb8 Rxb8 25. Bd2 Rc8 26. Ra3 Nb1 0-1

[Event "LTU-chT 4th 0809"]
[Site "Lithuania"]
[Date "2008.12.14"]
[Round "4.13"]
[White "Kalvaitis, Sigitas"]
[Black "Bandza, Algirdas S"]
[Result "0-1"]
[WhiteElo "2230"]
[BlackElo "2378"]
[PlyCount "66"]
[EventDate "2008.11.08"]
[EventType "team"]
[EventRounds "9"]
[EventCountry "LTU"]
[SourceTitle "EXT 2024"]
[Source "ChessBase"]
[SourceDate "2023.10.10"]
[SourceVersion "1"]
[SourceVersionDate "2023.10.10"]
[SourceQuality "1"]

1. e4 e5 2. Nf3 Nc6 3. Bb5 a6 4. Bxc6 dxc6 5. 0-0 f6 6. d4 Bg4 7. dxe5 Qxd1 8. Rxd1 fxe5 9. Rd3 Bd6 10. Nbd2 b5 11. b3 Ne7 12. Bb2 Ng6 13. g3 0-0 14. Kg2 Rf6 15. h3 Bd7 16. Rf1 Re8 17. c4 c5 18. Nh2 Rf7 19. Ng4 h5 20. Ne3 h4 21. Nd5 Ref8 22. Ne3 Re8 23. Nd5 Ref8 24. Ne3 Be6 25. Bc3 Ne7 26. a3 Nc6 27. g4 g6 28. Nd5 Nd4 29. Bxd4 cxd4 30. b4 c6 31. Nb6 Bc7 32. cxb5 axb5 33. Nf3 Bc4 0-1

[Event "LTU-chT 0708"]
[Site "Lithuania"]
[Date "2008.01.19"]
[Round "7"]
[White "Grabliauskas, Virginijus"]
[Black "Bandza, Algirdas S"]
[Result "1/2-1/2"]
[WhiteElo "2438"]
[BlackElo "2381"]
[PlyCount "85"]
[EventDate "2007.09.30"]
[EventType "team"]
[EventRounds "9"]
[EventCountry "LTU"]
[SourceTitle "EXT 2009"]
[Source "ChessBase"]
[SourceDate "2008.11.26"]
[SourceVersion "1"]
[SourceVersionDate "2008.11.26"]
[SourceQuality "1"]

1. d4 Nf6 2. c4 e6 3. Nf3 b6 4. g3 Ba6 5. Qa4 Bb7 6. Bg2 c5 7. dxc5 bxc5 8. 0-0 Be7 9. Bf4 0-0 10. Nc3 d6 11. Rad1 Qb6 12. Qc2 Rd8 13. Rd2 h6 14. h3 Nh5 15. Be3 Nc6 16. g4 Nf6 17. Rfd1 a6 18. Na4 Qc7 19. a3 e5 20. Ne1 Nd4 21. Bxd4 cxd4 22. Rd3 Ne4 23. Rb3 Bc6 24. Nb6 Rab8 25. Nd5 Bxd5 26. Rxb8 Rxb8 27. cxd5 Qxc2 28. Nxc2 Nc5 29. e3 Rxb2 30. exd4 Nb3 31. Be4 exd4 32. Nxd4 Nxd4 33. Rxd4 Bh4 34. Rb4 Bxf2+ 35. Kf1 Rxb4 36. axb4 Bd4 37. Bd3 Bc3 38. Bxa6 Bxb4 39. Ke2 g6 40. Kf3 Kg7 41. Ke4 Kf6 42. Bc8 Kg5 43. Kf3 1/2-1/2

[Event "LTU-chT Final-A 0607"]
[Site "Vilnius"]
[Date "2007.05.20"]
[Round "3.3"]
[White "Grabliauskas, Virginijus"]
[Black "Bandza, Algirdas S"]
[Result "1/2-1/2"]
[WhiteElo "2420"]
[BlackElo "2383"]
[PlyCount "70"]
[EventDate "2007.05.19"]
[EventType "team-k.o."]
[EventRounds "3"]
[EventCountry "LTU"]
[SourceTitle "EXT 2022"]
[Source "ChessBase"]
[SourceDate "2021.10.06"]
[SourceVersion "1"]
[SourceVersionDate "2021.10.06"]
[SourceQuality "1"]
[WhiteTeam "Vilnius SBK"]
[BlackTeam "Vilkaviskis Sirvinta"]
[WhiteTeamCountry "LTU"]
[BlackTeamCountry "LTU"]

1. d4 Nf6 2. c4 e6 3. Nf3 b6 4. g3 Ba6 5. Qa4 Bb7 6. Bg2 c5 7. dxc5 Bxc5 8. 0-0 0-0 9. Nc3 Be7 10. Bf4 Na6 11. Rfd1 Nc5 12. Qc2 Nce4 13. Nd4 Nxc3 14. Bxb7 Nxd1 15. Rxd1 Bc5 16. Nb3 Rb8 17. Nxc5 bxc5 18. Bxb8 Qxb8 19. Bf3 Qe5 20. Rd3 Rb8 21. Rb3 Rxb3 22. Qxb3 g5 23. Qa3 g4 24. Bb7 d6 25. Qxa7 Qxb2 26. a4 Kg7 27. a5 d5 28. cxd5 Ne4 29. dxe6 Qc1+ 30. Kg2 Nd2 31. h4 Qf1+ 32. Kh2 Qxf2+ 33. Bg2 Nf1+ 34. Kh1 Nxg3+ 35. Kh2 Nf1+ 1/2-1/2

[Event "EU-Cup 21st"]
[Site "Saint Vincent"]
[Date "2005.09.21"]
[Round "4.3"]
[White "Nevanlinna, Risto"]
[Black "Bandza, Algirdas S"]
[Result "1/2-1/2"]
[WhiteElo "2306"]
[BlackElo "2382"]
[PlyCount "109"]
[EventDate "2005.09.18"]
[EventType "team-swiss"]
[EventRounds "7"]
[EventCountry "ITA"]
[SourceTitle "CBM 110"]
[Source "ChessBase"]
[SourceDate "2006.01.31"]
[SourceVersion "1"]
[SourceVersionDate "2006.01.31"]
[SourceQuality "1"]
[WhiteTeam "Jyvaskyla JyS"]
[BlackTeam "Vilnius NSEL"]
[WhiteTeamCountry "FIN"]
[BlackTeamCountry "LTU"]

1. e4 Nc6 2. Nf3 d6 3. d4 Nf6 4. Nc3 Bg4 5. Be2 e6 6. 0-0 Be7 7. d5 exd5 8. exd5 Bxf3 9. Bxf3 Ne5 10. Be2 0-0 11. b3 Re8 12. Bb2 Bf8 13. Re1 g6 14. f4 Ned7 15. Bf3 Rxe1+ 16. Qxe1 a6 17. g4 h6 18. h4 Bg7 19. g5 hxg5 20. hxg5 Nh7 21. Kg2 Ndf8 22. Qc1 f6 23. Ne4 fxg5 24. Bxg7 Kxg7 25. fxg5 Nd7 26. Bg4 Ne5 27. Be6 Qe7 28. Qf4 Rf8 29. Qh4 Nf7 30. Rf1 Nfxg5 31. Rxf8 Kxf8 32. Nxg5 Qxg5+ 33. Qxg5 Nxg5 34. Bc8 b5 35. Bxa6 b4 36. Bd3 Kg7 37. Kf2 Kf6 38. Ke3 Ke5 39. Bxg6 Kxd5 40. Kd3 Nh3 41. Bf7+ Kc5 42. Ke3 Ng5 43. Bg8 d5 44. Kd2 Kd4 45. Kc1 c6 46. Kb2 Ne4 47. Bf7 Ng3 48. Be8 c5 49. Bf7 Nf5 50. a3 bxa3+ 51. Kxa3 Ne3 52. c4 dxc4 53. bxc4 Kc3 54. Ka2 Nxc4 55. Kb1 1/2-1/2

[Event "Pobeskydy Technomont 16th"]
[Site "Frydek Mistek"]
[Date "2005.03.27"]
[Round "8"]
[White "Bandza, Algirdas S"]
[Black "Chrz, Pavel"]
[Result "1-0"]
[WhiteElo "2383"]
[BlackElo "2207"]
[PlyCount "85"]
[EventDate "2005.03.24"]
[EventType "tourn"]
[EventRounds "9"]
[EventCountry "CZE"]
[EventCategory "3"]
[SourceTitle "CBM 105 Extra"]
[Source "ChessBase"]
[SourceDate "2005.05.01"]
[SourceVersion "1"]
[SourceVersionDate "2005.05.01"]
[SourceQuality "1"]

1. Nf3 Nf6 2. c4 g6 3. Nc3 d5 4. cxd5 Nxd5 5. e4 Nxc3 6. dxc3 Qxd1+ 7. Kxd1 Bg7 8. Bf4 c6 9. a4 0-0 10. Bc4 Nd7 11. Kc2 Nc5 12. Nd2 Be6 13. Bxe6 Nxe6 14. Be3 Be5 15. g3 Bd6 16. Nb3 h5 17. f4 Ng7 18. Rhd1 Rfd8 19. Na5 Rdb8 20. Nc4 Rd8 21. a5 Kf8 22. Rd2 Bc7 23. Rxd8+ Bxd8 24. a6 b6 25. Ne5 Rc8 26. Rd1 Ke8 27. b4 Ne6 28. Kb3 c5 29. b5 Bc7 30. Nc6 Bb8 31. Kc4 Nd8 32. Nxb8 Rxb8 33. f5 Rc8 34. Bf4 e6 35. f6 e5 36. Bxe5 Ne6 37. Rd6 Ng5 38. Kd5 Rd8 39. Kc6 Nf3 40. Rxd8+ Kxd8 41. Bc7+ Kc8 42. e5 Ng5 43. Bxb6 1-0

[Event "Pobeskydy Technomont 16th"]
[Site "Frydek Mistek"]
[Date "2005.03.26"]
[Round "6"]
[White "Bandza, Algirdas S"]
[Black "Karhanek, Pavel"]
[Result "1/2-1/2"]
[WhiteElo "2383"]
[BlackElo "2216"]
[PlyCount "158"]
[EventDate "2005.03.24"]
[EventType "tourn"]
[EventRounds "9"]
[EventCountry "CZE"]
[EventCategory "3"]
[SourceTitle "CBM 105 Extra"]
[Source "ChessBase"]
[SourceDate "2005.05.01"]
[SourceVersion "1"]
[SourceVersionDate "2005.05.01"]
[SourceQuality "1"]

1. d4 d5 2. c4 c6 3. e3 Nf6 4. Nc3 a6 5. a4 e6 6. Nf3 Nbd7 7. Bd3 Bd6 8. cxd5 exd5 9. 0-0 0-0 10. Re1 Re8 11. e4 dxe4 12. Nxe4 Nxe4 13. Bxe4 h6 14. Bd2 Nf6 15. Bc2 Rxe1+ 16. Bxe1 Be6 17. Ne5 Qe7 18. Bd2 Bd5 19. Bf4 Rd8 20. Qe2 Bb8 21. Re1 Be6 22. Qe3 Qb4 23. Nd3 Bxf4 24. Nxb4 Bxe3 25. fxe3 a5 26. Nd3 Bf5 27. Nb4 Be6 28. Nd3 Bf5 29. Nb4 Bxc2 30. Nxc2 Ne4 31. Na3 c5 32. Rd1 Re8 33. Nc4 cxd4 34. exd4 Rc8 35. Nxa5 b6 36. Nb3 Rc2 37. Rb1 Kf8 38. d5 g6 39. Nd4 Rd2 40. Nc6 Rxd5 41. b4 Nc3 42. Ra1 Rd6 43. Ne5 Rd5 44. Nc4 Rd4 45. Nxb6 Rxb4 46. a5 Nb5 47. Ra2 Na7 48. Nd5 Rd4 49. Nc3 Rc4 50. Ra3 Ke7 51. Kf2 Kd6 52. Ke3 Kc5 53. Kd3 Rg4 54. g3 f5 55. Rb3 Rd4+ 56. Ke3 Rd5 57. Ne2 Kd6 58. Rd3 Kc6 59. Rxd5 Kxd5 60. Nc3+ Kc5 61. Ne2 Nc6 62. Nf4 g5 63. Ne6+ Kd5 64. Ng7 Nxa5 65. Nxf5 Nc4+ 66. Kf2 h5 67. Ng7 h4 68. gxh4 gxh4 69. Nf5 Ne5 70. Kg2 Ng6 71. Kh3 Ke5 72. Kg4 Kf6 73. Nd4 Kg7 74. Kg5 Kf7 75. Nf5 h3 76. Nd4 Ne5 77. Kh4 Ng6+ 78. Kxh3 Nf4+ 79. Kg4 Nd3 1/2-1/2

[Event "Birstonas op"]
[Site "Birstonas"]
[Date "2002.08.20"]
[Round "4"]
[White "Slapikas, Vytautas"]
[Black "Bandza, Algirdas S"]
[Result "1/2-1/2"]
[WhiteElo "2378"]
[BlackElo "2378"]
[PlyCount "26"]
[EventDate "2002.08.17"]
[EventType "swiss"]
[EventRounds "9"]
[EventCountry "LTU"]
[SourceTitle "CBM 089 Extra"]
[Source "ChessBase"]
[SourceDate "2002.09.10"]
[SourceVersion "2"]
[SourceVersionDate "2002.09.10"]
[SourceQuality "1"]

1. e4 Nf6 2. e5 Nd5 3. d4 d6 4. Nf3 dxe5 5. Nxe5 Nd7 6. Nf3 e6 7. Bd3 c5 8. 0-0 cxd4 9. Nxd4 Bc5 10. Nb3 Be7 11. N1d2 0-0 12. Nf3 b6 13. Qe2 Bb7 1/2-1/2

[Event "Birstonas op"]
[Site "Birstonas"]
[Date "2002.08.19"]
[Round "3"]
[White "Bandza, Algirdas S"]
[Black "Jocys, Dalius"]
[Result "1/2-1/2"]
[WhiteElo "2378"]
[BlackElo "2245"]
[PlyCount "81"]
[EventDate "2002.08.17"]
[EventType "swiss"]
[EventRounds "9"]
[EventCountry "LTU"]
[SourceTitle "CBM 089 Extra"]
[Source "ChessBase"]
[SourceDate "2002.09.10"]
[SourceVersion "2"]
[SourceVersionDate "2002.09.10"]
[SourceQuality "1"]

1. d4 Nf6 2. Nf3 e6 3. c4 c5 4. d5 exd5 5. cxd5 d6 6. Nc3 g6 7. e4 Bg7 8. Be2 0-0 9. Nd2 Re8 10. 0-0 Na6 11. f3 Nc7 12. a4 b6 13. Nc4 Ba6 14. Rb1 Bxc4 15. Bxc4 a6 16. Qd3 Qd7 17. b4 Nh5 18. bxc5 bxc5 19. Bd2 Bd4+ 20. Kh1 f5 21. exf5 gxf5 22. f4 Reb8 23. Rbe1 Rb2 24. Nd1 Rb7 25. Bc3 Bxc3 26. Nxc3 Rb2 27. Qh3 Nf6 28. Bd3 Ng4 29. Qh4 Re8 30. Qg5+ Qg7 31. Rxe8+ Nxe8 32. Bxf5 Ne3 33. Be6+ Kf8 34. Re1 Nxg2 35. Rg1 Qxg5 36. fxg5 Ne3 37. Rg3 Nc4 38. Ne4 Ne5 39. Nf6 Rb1+ 40. Kg2 Rb2+ 41. Kg1 1/2-1/2

[Event "Birstonas op"]
[Site "Birstonas"]
[Date "2002.08.18"]
[Round "2"]
[White "Chocenka, Dmitrijus"]
[Black "Bandza, Algirdas S"]
[Result "0-1"]
[WhiteElo "2207"]
[BlackElo "2378"]
[PlyCount "72"]
[EventDate "2002.08.17"]
[EventType "swiss"]
[EventRounds "9"]
[EventCountry "LTU"]
[SourceTitle "CBM 089 Extra"]
[Source "ChessBase"]
[SourceDate "2002.09.10"]
[SourceVersion "2"]
[SourceVersionDate "2002.09.10"]
[SourceQuality "1"]

1. e4 d6 2. d4 Nf6 3. Nc3 e5 4. dxe5 dxe5 5. Qxd8+ Kxd8 6. Bg5 Be6 7. 0-0-0+ Nbd7 8. f4 exf4 9. Bxf4 Ng4 10. Nh3 c6 11. Be2 h6 12. Rd3 Ke8 13. Rhd1 Nde5 14. R3d2 g5 15. Bg3 Bg7 16. Nf2 Ne3 17. Rg1 Ke7 18. h3 Rhd8 19. Rxd8 Rxd8 20. Na4 b6 21. b3 f5 22. Nd3 Nxd3+ 23. Bxd3 f4 24. Bf2 Bd4 25. h4 Nxc2 26. Bxd4 Nxd4 27. Nb2 gxh4 28. Rh1 Rg8 29. Rxh4 Rxg2 30. Rxf4 h5 31. Rh4 Bg4 32. Rh1 Ne2+ 33. Bxe2 Rxe2 34. a3 Rxe4 35. Nd3 Kf6 36. Kd2 Kg5 0-1

[Event "Klaipeda 750 jub"]
[Site "Klaipeda"]
[Date "2002.??.??"]
[Round "7"]
[White "Bandza, Algirdas S"]
[Black "Bercys, Salvijus"]
[Result "1-0"]
[WhiteElo "2378"]
[BlackElo "2174"]
[PlyCount "117"]
[EventDate "2002.??.??"]
[EventType "swiss"]
[EventRounds "7"]
[EventCountry "LTU"]
[SourceTitle "EXT 2005"]
[Source "ChessBase"]
[SourceDate "2004.11.15"]
[SourceVersion "1"]
[SourceVersionDate "2004.11.15"]
[SourceQuality "1"]

1. d4 Nf6 2. c4 g6 3. Nc3 Bg7 4. e4 d6 5. Be2 0-0 6. Nf3 e5 7. Be3 Na6 8. d5 Ng4 9. Bg5 f6 10. Bh4 Qe8 11. Nd2 Nh6 12. f3 f5 13. Bf2 f4 14. Rb1 c5 15. dxc6 bxc6 16. c5 dxc5 17. Bc4+ Kh8 18. Nb3 g5 19. h3 Rf6 20. Qe2 Nc7 21. Nxc5 Nf7 22. Bxf7 Qxf7 23. Rd1 Bf8 24. b3 Bxc5 25. Bxc5 Ba6 26. Qd2 Ne8 27. Qd7 Kg7 28. Qxf7+ Rxf7 29. Bd6 Nxd6 30. Rxd6 Rf6 31. Rd7+ Rf7 32. Rd6 Rf6 33. Rd7+ Rf7 34. Rd2 Raf8 35. Kf2 Bc8 36. Na4 h5 37. Nc5 Re8 38. Rd3 Rf6 39. Rhd1 g4 40. hxg4 hxg4 41. fxg4 Bxg4 42. Rd8 Rxd8 43. Rxd8 f3 44. Re8 fxg2+ 45. Kxg2 Rd6 46. Kg3 Kf7 47. Ra8 Bd1 48. Rxa7+ Kg6 49. Rd7 Rxd7 50. Nxd7 Bc2 51. Kf3 Bb1 52. a3 Kg5 53. b4 Bc2 54. Nxe5 Ba4 55. Ke3 Kf6 56. Kd4 Ke6 57. Nd3 Bb5 58. Nc5+ Kd6 59. a4 1-0